Gaming Quiz

Random Gaming Quiz

Freddi Fish Adventure Games Quiz Stats

 Plays Quiz not verified by Sporcle

Challenge
Share
Tweet
Embed
Score 0/5 Timer 04:00
0 Plays Today
Year Game % Correct
1994Freddi Fish and the Case of the Missing Kelp Seeds
100%
1996Freddi Fish 2: The Case of the Haunted Schoolhouse
44.4%
1998Freddi Fish 3: The Case of the Stolen Conch Shell
44.4%
1999Freddi Fish 4: The Case of the Hogfish Rustlers of Briny Gulch
44.4%
2001Freddi Fish 5: The Case of the Creature of Coral Cove
38.9%

You're not logged in!

Compare scores with friends on all Sporcle quizzes.
OR
Log In

You Might Also Like...

Show Comments

Extras

Top Quizzes Today


Score Distribution

Your Account Isn't Verified!

In order to create a playlist on Sporcle, you need to verify the email address you used during registration. Go to your Sporcle Settings to finish the process.

Report this User

Report this user for behavior that violates our Community Guidelines.

Details: